|
|
|
|
| LEADER |
01462nam a2200373 a 4500 |
| 001 |
EBC3035637 |
| 003 |
MiAaPQ |
| 005 |
20200520144314.0 |
| 006 |
m o d | |
| 007 |
cr cn||||||||| |
| 008 |
970924s1998 maua sb 001 0 eng |
| 010 |
|
|
|z 97035134
|
| 020 |
|
|
|z 0792380770 (alk. paper)
|
| 035 |
|
|
|a (MiAaPQ)EBC3035637
|
| 035 |
|
|
|a (Au-PeEL)EBL3035637
|
| 035 |
|
|
|a (CaPaEBR)ebr10052638
|
| 035 |
|
|
|a (CaONFJC)MIL20022
|
| 035 |
|
|
|a (OCoLC)868631847
|
| 040 |
|
|
|a MiAaPQ
|c MiAaPQ
|d MiAaPQ
|
| 050 |
|
4 |
|a LB3060.65
|b .O77 1998
|
| 082 |
0 |
4 |
|a 371.26/1
|2 21
|
| 100 |
1 |
|
|a Osterlind, Steven J.
|
| 245 |
1 |
0 |
|a Constructing test items
|h [electronic resource] :
|b multiple-choice, constructed-response, performance, and other formats /
|c Steven J. Osterlind.
|
| 250 |
|
|
|a 2nd ed.
|
| 260 |
|
|
|a Boston :
|b Kluwer Academic Publishers,
|c c1998.
|
| 300 |
|
|
|a vii, 339 p. :
|b ill.
|
| 490 |
1 |
|
|a Evaluation in education and human services
|
| 504 |
|
|
|a Includes bibliographical references (p. [311]-325) and indexes.
|
| 533 |
|
|
|a Electronic reproduction. Ann Arbor, MI : ProQuest, 2015. Available via World Wide Web. Access may be limited to ProQuest affiliated libraries.
|
| 650 |
|
0 |
|a Examinations
|x Design and construction.
|
| 655 |
|
4 |
|a Electronic books.
|
| 710 |
2 |
|
|a ProQuest (Firm)
|
| 830 |
|
0 |
|a Evaluation in education and human services.
|
| 856 |
4 |
0 |
|u https://ebookcentral.proquest.com/lib/matrademy/detail.action?docID=3035637
|z Click to View
|